000 00815nab a2200241 u 4500
001 08029
003 HDC
007 cr bn ---aaaaa
008 210129c2013 my dr|nes 0 a eng d
040 _aHDC
100 _aPunitha, Kumar
_eauthor
_98542
245 0 _aDon't Worry About Meat Products Here' / by
_cPunitha, Kumar
260 _aKuala Lumpur :
_bThe New Straits Times Press (M) Bhd.,
_c2013
336 _atext
_2rdacontent
337 _acomputer
_2rdamedia
338 _aonline resource
_2rdacarrier
650 _ahalal products
_9642
650 _ameat product
_9382
856 _zRequest full-text at [email protected]
942 _2lcc
942 _cNEWS
942 _kNWSC 002302
999 _c5352
_d5352